Trans-peacific partnership agreement: (Record no. 150581)

MARC details
000 -LEADER
fixed length control field 00715nam a22002057a 4500
005 - DATE AND TIME OF LATEST TRANSACTION
control field 20180327141841.0
010 ## - LCCN (DPL NO)
LC control number ENG-122417
020 ## - INTERNATIONAL STANDARD BOOK NUMBER
Terms of availability 1050.00
International Standard Book Number 9789352800117
035 ## - SYSTEM CONTROL NUMBER
System control number EN-105949
037 ## - SOURCE OF ACQUISITION
Source of stock number/acquisition DBAD/PUB
082 ## - DEWEY DECIMAL CLASSIFICATION NUMBER
Classification number 382.911823
245 ## - TITLE STATEMENT
Title Trans-peacific partnership agreement:
Statement of responsibility, etc ed. by Abhijit Das [and] Shailja Singh
Remainder of title A framework for future trade rules? /
260 ## - PUBLICATION, DISTRIBUTION, ETC. (IMPRINT)
Place of publication, distribution, etc New Delhi
Name of publisher, distributor, etc Sage Publications India Pvt. Ltd.
Date of publication, distribution, etc 2018
270 ## - ADDRESS
City New Delhi
Postal code 110044
Address B1/I-1 Mohan Cooperative Industrial Area, Mathura Road,
300 ## - PHYSICAL DESCRIPTION
Extent 340p.
Dimensions 23cm.(Hb)
Other physical details ill.
500 ## - GENERAL NOTE
General note Including index
700 ## - ADDED ENTRY--PERSONAL NAME
Dates associated with a name Abhijit Das
700 ## - ADDED ENTRY--PERSONAL NAME
Dates associated with a name Singh, Shailja
942 ## - ADDED ENTRY ELEMENTS (KOHA)
Source of classification or shelving scheme Dewey Decimal Classification
Item type English Books
Call number suffix TRA
Classification part 382.911823
Holdings
Withdrawn status Lost status Not for loan Collection code Home library Current library Date acquired Source of acquisition Cost, normal purchase price Full call number Barcode Copy number Cost, replacement price Koha item type
      Non-fiction D.B.Act.Division Mobile Library 27/03/2018 DBAD/PUB 1050.00 382.911823 TRA EN-105949 1 1050.00 English Books

© Delhi Public Library
Hit Counter
free hit counter